HP Color LaserJet 4600hdn

Bibliographic Details
Main Author: Macko, Ondrej (Author)
Format: Article
Language:Slovak

MARC

LEADER 00000nab a2200000 a 4500
001 vtls010734357
003 SK-MaSNL
005 20260304194858.0
008 250709s2002 xo |||||||||||||||||slo|
035 |a (urnnbn)urn:nbn:sk:snk:ar-a05dui 
035 |a (uuid)74f18044-36d2-4861-b2ec-599dba784cf3 
035 |a urn:nbn:sk:snk-ab3w8i 
040 |a SNKBUCL  |b slo  |c SNKBUCL  |e AACR2 
041 0 |a slo 
044 |a xo  |c SK 
100 1 |a Macko, Ondrej  |4 aut  |9 270160 
245 1 0 |a HP Color LaserJet 4600hdn  |c Ondrej Macko 
773 0 |t PC revue : sprievodca digitálnym svetom  |g Roč. 10, č. 8 (2002), s. 54-[55] 
850 |a Slovenská národná knižnica 
852 |a Slovenská národná knižnica 
954 |a odborná, vedecká literatúra pôvodná (slovenská)  |2 lita 
958 |a article1 
958 |a OND 
958 |a EUIPO 
999 |c 3077521  |d 3079451